Donne delinquenti : il genere e la nascita della criminologia /
I tiakina i:
| Kaituhi matua: | |
|---|---|
| Hōputu: | Pukapuka |
| Reo: | Itāriana |
| I whakaputaina: |
Roma :
Carocci,
2019
|
| Rangatū: | Frecce ;
282 |
| Ngā marau: | |
| Ngā Tūtohu: |
Kāore He Tūtohu, Me noho koe te mea tuatahi ki te tūtohu i tēnei pūkete!
|
MARC
| LEADER | 00000nam a2200000 i 4500 | ||
|---|---|---|---|
| 001 | IT\ICCU\UTO\1337502 | ||
| 003 | ItRI | ||
| 005 | 20260115232104.0 | ||
| 008 | 191106s2019 it |||||| ||||| |||||c | ||
| 015 | |2 IT |a 2019-10959 | ||
| 020 | |a 9788843098279 | ||
| 040 | |b ita |c importazione bologna sebina | ||
| 041 | 7 | |a ita |2 ISO-639-2 | |
| 082 | |a 364.374 |9 DELINQUENTI DONNE |2 23 | ||
| 100 | 1 | |a Montaldo, Silvano |0 IT\ICCU\TO0V\163768 | |
| 240 | 1 | 0 | |a Donne delinquenti. |3 IT\ICCU\UTO\1337505 |9 Montaldo, Silvano |
| 245 | 1 | 0 | |a Donne delinquenti : |b il genere e la nascita della criminologia / |c Silvano Montaldo. |
| 260 | |a Roma : |b Carocci, |c 2019 | ||
| 300 | |a 339 p., [8] carte di tav. : |b ill. ; |c 22 cm | ||
| 650 | 7 | |a Donne delinquenti |x Sec. 19. |x Antropologia criminale |2 nsbncf | |
| 830 | 0 | |a Frecce ; |v 282 |0 IT\ICCU\UBO\2160583 | |
| 942 | |2 ddc |c BK |n 0 | ||
| 952 | |0 0 |1 0 |4 0 |6 DOC_364_374000000000000_MON |7 0 |9 19847 |a BO |b BO |d 2026-01-15 |i 19545 |l 0 |o DOC 364.374 MON |p BO19545 |r 2026-01-15 23:21:04 |w 2026-01-15 |x [Sebina 5] [1 v.] |y BK |z 1 v. | ||
| 999 | |c 16918 |d 16918 | ||